<?xml version="1.0" encoding="UTF-8"?>
<record
    xmlns:xsi="http://www.w3.org/2001/XMLSchema-instance"
    xsi:schemaLocation="http://www.loc.gov/MARC21/slim http://www.loc.gov/standards/marcxml/schema/MARC21slim.xsd"
    xmlns="http://www.loc.gov/MARC21/slim">

  <leader>00484nam a22001337a 4500</leader>
  <datafield tag="040" ind1=" " ind2=" ">
    <subfield code="c">RUA</subfield>
  </datafield>
  <datafield tag="082" ind1=" " ind2=" ">
    <subfield code="a">AGR DY 2013 B057 Or.1</subfield>
  </datafield>
  <datafield tag="100" ind1=" " ind2=" ">
    <subfield code="a">DY, DAVOIN.</subfield>
  </datafield>
  <datafield tag="245" ind1=" " ind2=" ">
    <subfield code="a">Yield potential of senpidao variety, &#x179F;&#x1780;&#x17D2;&#x178A;&#x17B6;&#x1793;&#x17BB;&#x1796;&#x179B;&#x1791;&#x17B7;&#x1793;&#x17D2;&#x1793;&#x1795;&#x179B;&#x1796;&#x17BC;&#x1787;&#x179F;&#x17D2;&#x179A;&#x17BC;&#x179C;&#x179F;&#x17C2;&#x1793;&#x1796;&#x17B7;&#x178A;&#x17C4;&#x179A;</subfield>
  </datafield>
  <datafield tag="260" ind1=" " ind2=" ">
    <subfield code="a">Phnom Penh</subfield>
    <subfield code="b">RUA</subfield>
    <subfield code="c">2013</subfield>
  </datafield>
  <datafield tag="300" ind1=" " ind2=" ">
    <subfield code="a">xi; 41p.</subfield>
    <subfield code="b">ill.</subfield>
    <subfield code="c">29cm.</subfield>
  </datafield>
  <datafield tag="856" ind1=" " ind2=" ">
    <subfield code="u">https://drive.google.com/file/d/19RUsOyKz4cbE2rgGPEr-6lZhKEdJyS0I/view?usp=sharing</subfield>
  </datafield>
  <datafield tag="942" ind1=" " ind2=" ">
    <subfield code="c">AGR</subfield>
  </datafield>
  <datafield tag="999" ind1=" " ind2=" ">
    <subfield code="c">1316</subfield>
    <subfield code="d">1316</subfield>
  </datafield>
  <datafield tag="952" ind1=" " ind2=" ">
    <subfield code="0">0</subfield>
    <subfield code="1">0</subfield>
    <subfield code="2">ddc</subfield>
    <subfield code="4">0</subfield>
    <subfield code="6">AGR_DY_2013_000000000000000_B057_OR_1</subfield>
    <subfield code="7">0</subfield>
    <subfield code="9">5686</subfield>
    <subfield code="a">LBB</subfield>
    <subfield code="b">LBB</subfield>
    <subfield code="c">B057</subfield>
    <subfield code="d">2015-09-27</subfield>
    <subfield code="l">1</subfield>
    <subfield code="o">AGR DY 2013 B057 Or.1</subfield>
    <subfield code="p">RUA005678</subfield>
    <subfield code="r">2019-12-23</subfield>
    <subfield code="s">2019-12-09</subfield>
    <subfield code="w">2015-09-27</subfield>
    <subfield code="y">AGR</subfield>
  </datafield>
  <datafield tag="952" ind1=" " ind2=" ">
    <subfield code="0">0</subfield>
    <subfield code="1">0</subfield>
    <subfield code="2">ddc</subfield>
    <subfield code="4">0</subfield>
    <subfield code="6">AGR_DY_2013_000000000000000_B057_OR_2</subfield>
    <subfield code="7">0</subfield>
    <subfield code="9">5687</subfield>
    <subfield code="a">LBB</subfield>
    <subfield code="b">LBB</subfield>
    <subfield code="c">B057</subfield>
    <subfield code="d">2015-09-27</subfield>
    <subfield code="o">AGR DY 2013 B057 Or.2</subfield>
    <subfield code="p">RUA005402</subfield>
    <subfield code="r">2015-09-27</subfield>
    <subfield code="w">2015-09-27</subfield>
    <subfield code="y">AGR</subfield>
  </datafield>
  <datafield tag="952" ind1=" " ind2=" ">
    <subfield code="0">0</subfield>
    <subfield code="1">0</subfield>
    <subfield code="2">ddc</subfield>
    <subfield code="4">0</subfield>
    <subfield code="6">AGR_DY_2013_000000000000000_B057_OR_3</subfield>
    <subfield code="7">0</subfield>
    <subfield code="9">5688</subfield>
    <subfield code="a">LBB</subfield>
    <subfield code="b">LBB</subfield>
    <subfield code="c">B057</subfield>
    <subfield code="d">2015-09-27</subfield>
    <subfield code="o">AGR DY 2013 B057 Or.3</subfield>
    <subfield code="p">RUA005391</subfield>
    <subfield code="r">2015-09-27</subfield>
    <subfield code="w">2015-09-27</subfield>
    <subfield code="y">AGR</subfield>
  </datafield>
  <datafield tag="952" ind1=" " ind2=" ">
    <subfield code="0">0</subfield>
    <subfield code="1">0</subfield>
    <subfield code="2">ddc</subfield>
    <subfield code="4">0</subfield>
    <subfield code="6">AGR_DY_2013_000000000000000_B057_OR_4</subfield>
    <subfield code="7">0</subfield>
    <subfield code="9">5689</subfield>
    <subfield code="a">LBB</subfield>
    <subfield code="b">LBB</subfield>
    <subfield code="c">B057</subfield>
    <subfield code="d">2015-09-27</subfield>
    <subfield code="l">1</subfield>
    <subfield code="o">AGR DY 2013 B057 Or.4</subfield>
    <subfield code="p">RUA005466</subfield>
    <subfield code="r">2018-07-14</subfield>
    <subfield code="s">2018-06-30</subfield>
    <subfield code="w">2015-09-27</subfield>
    <subfield code="y">AGR</subfield>
  </datafield>
  <datafield tag="952" ind1=" " ind2=" ">
    <subfield code="0">0</subfield>
    <subfield code="1">0</subfield>
    <subfield code="2">ddc</subfield>
    <subfield code="4">0</subfield>
    <subfield code="6">AGR_DY_2013_000000000000000_B057_OR_5</subfield>
    <subfield code="7">0</subfield>
    <subfield code="9">5690</subfield>
    <subfield code="a">LBB</subfield>
    <subfield code="b">LBB</subfield>
    <subfield code="c">B057</subfield>
    <subfield code="d">2015-09-27</subfield>
    <subfield code="l">1</subfield>
    <subfield code="o">AGR DY 2013 B057 Or.5</subfield>
    <subfield code="p">RUA005607</subfield>
    <subfield code="r">2016-10-04</subfield>
    <subfield code="s">2016-09-16</subfield>
    <subfield code="w">2015-09-27</subfield>
    <subfield code="y">AGR</subfield>
  </datafield>
  <datafield tag="952" ind1=" " ind2=" ">
    <subfield code="0">0</subfield>
    <subfield code="1">0</subfield>
    <subfield code="2">ddc</subfield>
    <subfield code="4">0</subfield>
    <subfield code="6">AGR_DY_2013_000000000000000_B057_OR_6</subfield>
    <subfield code="7">0</subfield>
    <subfield code="9">5691</subfield>
    <subfield code="a">LBB</subfield>
    <subfield code="b">LBB</subfield>
    <subfield code="c">B057</subfield>
    <subfield code="d">2015-09-27</subfield>
    <subfield code="o">AGR DY 2013 B057 Or.6</subfield>
    <subfield code="p">RUA005610</subfield>
    <subfield code="r">2015-09-27</subfield>
    <subfield code="w">2015-09-27</subfield>
    <subfield code="y">AGR</subfield>
  </datafield>
  <datafield tag="952" ind1=" " ind2=" ">
    <subfield code="0">0</subfield>
    <subfield code="1">0</subfield>
    <subfield code="2">ddc</subfield>
    <subfield code="4">0</subfield>
    <subfield code="6">AGR_DY_2013_000000000000000_B057_OR_7</subfield>
    <subfield code="7">0</subfield>
    <subfield code="9">6273</subfield>
    <subfield code="a">LBB</subfield>
    <subfield code="b">LBB</subfield>
    <subfield code="c">B057</subfield>
    <subfield code="d">2015-09-28</subfield>
    <subfield code="o">AGR DY 2013 B057 Or.7</subfield>
    <subfield code="p">RUA019745</subfield>
    <subfield code="r">2015-09-28</subfield>
    <subfield code="w">2015-09-28</subfield>
    <subfield code="y">AGR</subfield>
  </datafield>
  <datafield tag="952" ind1=" " ind2=" ">
    <subfield code="0">0</subfield>
    <subfield code="1">0</subfield>
    <subfield code="2">ddc</subfield>
    <subfield code="4">0</subfield>
    <subfield code="6">AGR_DY_2013_000000000000000_B057_OR_8</subfield>
    <subfield code="7">0</subfield>
    <subfield code="9">6274</subfield>
    <subfield code="a">LBB</subfield>
    <subfield code="b">LBB</subfield>
    <subfield code="c">B057</subfield>
    <subfield code="d">2015-09-28</subfield>
    <subfield code="l">1</subfield>
    <subfield code="o">AGR DY 2013 B057 Or.8</subfield>
    <subfield code="p">RUA019905</subfield>
    <subfield code="r">2016-10-25</subfield>
    <subfield code="s">2016-10-19</subfield>
    <subfield code="w">2015-09-28</subfield>
    <subfield code="y">AGR</subfield>
  </datafield>
  <datafield tag="952" ind1=" " ind2=" ">
    <subfield code="0">0</subfield>
    <subfield code="1">0</subfield>
    <subfield code="2">ddc</subfield>
    <subfield code="4">0</subfield>
    <subfield code="6">AGR_DY_2013_000000000000000_B1_218_OR_1</subfield>
    <subfield code="7">0</subfield>
    <subfield code="9">78202</subfield>
    <subfield code="a">LBB</subfield>
    <subfield code="b">LBB</subfield>
    <subfield code="c">B1.218</subfield>
    <subfield code="d">2019-02-06</subfield>
    <subfield code="o">AGR DY 2013 B1.218 Or.1</subfield>
    <subfield code="p">A40298</subfield>
    <subfield code="r">2019-02-06</subfield>
    <subfield code="w">2019-02-06</subfield>
    <subfield code="y">AGR</subfield>
  </datafield>
  <datafield tag="952" ind1=" " ind2=" ">
    <subfield code="0">0</subfield>
    <subfield code="1">0</subfield>
    <subfield code="4">0</subfield>
    <subfield code="6">AGR_DY_2013_000000000000000_B057_OR_9</subfield>
    <subfield code="7">0</subfield>
    <subfield code="9">91987</subfield>
    <subfield code="a">LBB</subfield>
    <subfield code="b">LBB</subfield>
    <subfield code="c">B058</subfield>
    <subfield code="d">2022-10-24</subfield>
    <subfield code="o">AGR DY 2013 B057 Or.9</subfield>
    <subfield code="p">a41138</subfield>
    <subfield code="r">2022-10-24</subfield>
    <subfield code="y">AGR</subfield>
  </datafield>
</record>
